<?xml version="1.0" encoding="UTF-8"?><?xml-stylesheet type="text/xsl" href="static/style.xsl"?><OAI-PMH xmlns="http://www.openarchives.org/OAI/2.0/" xmlns:xsi="http://www.w3.org/2001/XMLSchema-instance" xsi:schemaLocation="http://www.openarchives.org/OAI/2.0/ http://www.openarchives.org/OAI/2.0/OAI-PMH.xsd"><responseDate>2026-04-17T20:13:47Z</responseDate><request verb="GetRecord" identifier="oai:www.recercat.cat:10256/24350" metadataPrefix="marc">https://recercat.cat/oai/request</request><GetRecord><record><header><identifier>oai:recercat.cat:10256/24350</identifier><datestamp>2024-05-22T11:40:03Z</datestamp><setSpec>com_2072_452966</setSpec><setSpec>com_2072_2054</setSpec><setSpec>col_2072_452968</setSpec></header><metadata><record xmlns="http://www.loc.gov/MARC21/slim" xmlns:dcterms="http://purl.org/dc/terms/" xmlns:xsi="http://www.w3.org/2001/XMLSchema-instance" xmlns:doc="http://www.lyncode.com/xoai" xsi:schemaLocation="http://www.loc.gov/MARC21/slim http://www.loc.gov/standards/marcxml/schema/MARC21slim.xsd">
   <leader>00925njm 22002777a 4500</leader>
   <datafield ind2=" " ind1=" " tag="042">
      <subfield code="a">dc</subfield>
   </datafield>
   <datafield ind2=" " ind1=" " tag="720">
      <subfield code="a">Pey Costa, Guillem</subfield>
      <subfield code="e">author</subfield>
   </datafield>
   <datafield ind2=" " ind1=" " tag="260">
      <subfield code="c">2023-07</subfield>
   </datafield>
   <datafield ind2=" " ind1=" " tag="520">
      <subfield code="a">The concentration of CO2 has over the past century increased exponentially. The core of the issue lies &#xd;
&#xd;
in the high efficiency of CO2 to absorb and remit IR radiation back to Earth’s surface. Although CO2 &#xd;
&#xd;
is the main responsible, there are other gases sharing the same characteristic and they are known as &#xd;
&#xd;
Greenhouse Gases. As a consequence of having a higher concentration of them in the atmosphere, the &#xd;
&#xd;
IR radiation cannot escape and is kept inside leading to a higher mean global temperature. &#xd;
&#xd;
In the same way plants use photosynthesis to reduce CO2 to obtain glucose, modern chemistry &#xd;
&#xd;
has developed a process known as artificial photosynthesis, that uses a catalyst to transform CO2 into &#xd;
&#xd;
other high-interest products, such as methanol. This work studies a disproportionation mechanism of &#xd;
&#xd;
CO2 into carbon monoxide, our interest product, and carbonate catalysed by a cobalt complex. Due &#xd;
&#xd;
to CO’s high stability with the metallic centre, a potential well is generated which hinders a second &#xd;
&#xd;
catalytic turn. On the other hand, the appropriate application of electric fields into chemical systems can induce the catalysis of a reaction, or inhibit it, and even affect the selectivity. With the FDBβ method, &#xd;
&#xd;
the effect of electric fields can be computationally modelled by only computing the electric properties &#xd;
&#xd;
(dipole moment, polarisability, ...) of the involved chemical species. Mathematically, it is based on the &#xd;
&#xd;
Taylor series expansion of the field-dependent electronic energy, where the coefficients are the electric &#xd;
&#xd;
properties. Then, to define the reaction’s thermochemistry the expansions of products, or transition &#xd;
&#xd;
states, and reactants are subtracted following its stoichiometry. &#xd;
&#xd;
In this work, it has been demonstrated that the FDBβ is an excellent tool to study the effect of &#xd;
&#xd;
electric fields on reactivity. Furthermore, we have developed a FORTRAN95 code capable of finding &#xd;
&#xd;
the minimum electric field required to impose a preestablished barrier or energy reaction. &#xd;
&#xd;
By means of the FDBβ the effect on catalysis of an electric field has been studied on the catalytic &#xd;
&#xd;
reduction CO2-to-CO studied in this work. On one hand, it is found the effect of a positive electric &#xd;
&#xd;
field on the Z axis favours the CO release. In contrast, although the effect of a negative field on the &#xd;
&#xd;
Y axis hinders the previous process, it enhances the kinetics of the reaction stabilising the formation &#xd;
&#xd;
of the transition state that determines the TOF</subfield>
   </datafield>
   <datafield ind2=" " ind1=" " tag="520">
      <subfield code="a">9</subfield>
   </datafield>
   <datafield ind1="8" ind2=" " tag="024">
      <subfield code="a">http://hdl.handle.net/10256/24350</subfield>
   </datafield>
   <datafield tag="653" ind2=" " ind1=" ">
      <subfield code="a">FDBβ</subfield>
   </datafield>
   <datafield tag="653" ind2=" " ind1=" ">
      <subfield code="a">Funcional de densitat, Teoria del</subfield>
   </datafield>
   <datafield tag="653" ind2=" " ind1=" ">
      <subfield code="a">Ciclització (Química)</subfield>
   </datafield>
   <datafield tag="653" ind2=" " ind1=" ">
      <subfield code="a">Density functionals</subfield>
   </datafield>
   <datafield tag="653" ind2=" " ind1=" ">
      <subfield code="a">Ring formation (Chemistry)</subfield>
   </datafield>
   <datafield tag="653" ind2=" " ind1=" ">
      <subfield code="a">Reaccions químiques regioselectives</subfield>
   </datafield>
   <datafield tag="653" ind2=" " ind1=" ">
      <subfield code="a">Regioselectivity reactions</subfield>
   </datafield>
   <datafield ind2="0" ind1="0" tag="245">
      <subfield code="a">Implementation of a fast method for the evaluation of the effect of external electric fields on catalysis</subfield>
   </datafield>
</record></metadata></record></GetRecord></OAI-PMH>